000 00994nam a22002295i 4500
001 176969
003 ES-MaACL
005 20230906220225.0
008 110222s1962 sz |||| | spa d
080 _a392.3(861)
100 1 _aGutiérrez de Pineda, Virginia.
_9145311
245 1 3 _aLa familia en Colombia
_b: estudio antropológico /
_cpor Virginia Gutiérrez de Pineda.
260 _aFriburgo :
_bOficina Internacional de Investigaciones Sociales de Feres ;
_aBogotá :
_bCentro de Investigaciones Sociales, Departamento Socio-económico,
_c1962.
300 _a86 p. :
_bgráf. ;
_c22 cm.
490 1 _aEstudios sociológicos latino-americanos ;
_v15
650 4 _aFamilias-
_zColombia.
_9172478
710 2 _aOficina Internacional de Investigaciones Sociales.
_9172476
710 2 _aCentro de Investigaciones Sociales (Bogotá)
_9172480
830 1 _aEstudios sociológicos latino-americanos ;
_v15
_9190305
852 _aES-MaACL
_jE-14392
_xOlim P-972-bis
999 _c176969
_d176969